Η σημασία της χαρτογράφησης σε ευαίσθητα δασικά οικοσυστήματα : η χαρτογράφηση της μαύρης πεύκης στο όρος Όλυμπος στην περιοχή Αγιάσου

Αποθηκεύτηκε σε:
Λεπτομέρειες βιβλιογραφικής εγγραφής
Κύριος συγγραφέας: Κόντου, Ελισάβετ
Συγγραφή απο Οργανισμό/Αρχή: Πανεπιστήμιο Αιγαίου Σχολή Περιβάλλοντος Τμήμα Περιβάλλοντος Πρόγραμμα Μεταπτυχιακών Σπουδών Γεωργία και Περιβάλλον
Άλλοι συγγραφείς: Σουλακέλλης, Νικόλαος (dgs [Επιβλέπων καθηγητής])
Μορφή: Thesis Βιβλίο
Γλώσσα:Greek
Δημοσίευση: 2010.
Θέματα:
Διαθέσιμο Online:http://hdl.handle.net/11610/15243
Ετικέτες: Προσθήκη ετικέτας
Δεν υπάρχουν, Καταχωρήστε ετικέτα πρώτοι!

MARC

LEADER 00000cam a2200000 i 4500
001 1/15330
008 111003s2010 gr | ||| |||| ||gre||
035 |l 10110938 
040 |a GR-MyUa  |b gre  |e AACR2 
041 0 |a gre 
082 7 |a 585.217   |2 (22) 
100 1 |a Κόντου, Ελισάβετ. 
245 1 2 |a Η σημασία της χαρτογράφησης σε ευαίσθητα δασικά οικοσυστήματα :   |b η χαρτογράφηση της μαύρης πεύκης στο όρος Όλυμπος στην περιοχή Αγιάσου /   |c Κόντου Ελισάβετ ; υπεύθυνος καθηγητής: Ν. Σουλακέλλης.  
260 |c 2010.  
300 |a 69 σ. :   |b εικ. ;   |c 30 εκ.  
502 |a Διατριβή (μεταπτυχιακή) - Πανεπιστήμιο Αιγαίου, Λέσβος, 2010.  
504 |a Βιβλιογραφία: σ. 66-69.  
650 0 |a Austrian pine  |z Greece  |z Hagiasos. 
650 0 |a Pine  |z Greece  |z Hagiasos. 
650 0 |a Pine  |x Ecology. 
650 0 |a Forest ecology. 
650 0 |a Dissertations, Academic  |z Greece. 
700 1 |a Σουλακέλλης, Νικόλαος,  |e dgs [Επιβλέπων καθηγητής] 
710 2 |a Πανεπιστήμιο Αιγαίου  |b Σχολή Περιβάλλοντος  |b Τμήμα Περιβάλλοντος  |b Πρόγραμμα Μεταπτυχιακών Σπουδών Γεωργία και Περιβάλλον. 
852 |a INST  |b LESVOS  |c DIATR  |e 20111003  |h 347  |p 005100051494  |q 005100051494  |t MTXE  |y 23 
852 |a INST  |b LESVOS  |c DIATR  |e 20111003  |h 348  |p 005100051493  |q 005100051493  |t MTXE  |y 23 
856 |u http://hdl.handle.net/11610/15243 
901 |a BIBL1-2011-3 
924 |a Κόντου  |b Ελισάβετ  |y Λέσβος  |z 2010-11 
970 |a ΤΖΑΦΕΡΗ  |b ΕΥΑΓΓΕΛΙΑ  |z 2011/10/02